| 000 | 01066nas a2200301 4500 | ||
|---|---|---|---|
| 001 | aBSDPrz AB01 | ||
| 008 | a++++++bsc1997d++++epl+f!!!!g!h+i!!!!j!l!n!o!p+q!r!spolt!u! | ||
| 015 | _aPB 2746/98 | ||
| 020 | _a837119157X | ||
| 041 | 1 |
_apol _heng |
|
| 080 | _a222/224.06/.08:248]::283/289 | ||
| 100 | 1 |
_aMorse, Merrill _d(1948- ) |
|
| 245 | 1 | 0 |
_aPsalmy na trudne chwile / _cMerrill Morse ; przeł. [z ang.] Mirosława Majdan. |
| 246 | _aPsalmy na trudne chwile | ||
| 260 |
_aWarszawa : _bWydaw. Księży Marianów, _c1997. |
||
| 300 |
_a189, [1] s. ; _c20 cm. |
||
| 490 | 1 | _aMedytacje / Wydaw. Księży Marianów | |
| 500 | _aTyt. oryg. : Psalms for troubled times. - W innych poz. nazwa tł. : Mira Majdan. | ||
| 650 | 9 |
_aBiblistyka _xStary Testament _xKsięga Psalmów _xprotestantyzm |
|
| 650 | 9 |
_aRozmyślania religijne _xprotestantyzm |
|
| 692 | _xbiblistyka | ||
| 692 | _xPsalmy | ||
| 692 | _xrozmyślania | ||
| 700 | 1 |
_aMajdan, Mirosława. _etł |
|
| 830 | 0 | _aMedytacje (Wydaw. Księży Marianów) | |
| 920 | _a83-7119-157-X | ||
| 942 |
_cK _01 |
||
| 999 |
_c237848 _d237848 |
||